The developmental education and guidance of talented learners / (Record no. 185877)

000 -LEADER
fixed length control field 01062 a2200229 4500
003 - CONTROL NUMBER IDENTIFIER
control field NUST
005 - DATE AND TIME OF LATEST TRANSACTION
control field 20230102175321.0
010 ## - LIBRARY OF CONGRESS CONTROL NUMBER
LC control number 81003463
020 ## - INTERNATIONAL STANDARD BOOK NUMBER
International Standard Book Number 0894433598
040 ## - CATALOGING SOURCE
Transcribing agency Nust
082 00 - DEWEY DECIMAL CLASSIFICATION NUMBER
Classification number 371.95,PER
100 1# - MAIN ENTRY--PERSONAL NAME
Personal name Perrone, Philip A.
9 (RLIN) 106659
245 14 - TITLE STATEMENT
Title The developmental education and guidance of talented learners /
Statement of responsibility, etc. Philip A. Perrone, Robert A. Male.
260 ## - PUBLICATION, DISTRIBUTION, ETC.
Place of publication, distribution, etc. Rockville, Md. :
Name of publisher, distributor, etc. Aspen Systems Corp.,
Date of publication, distribution, etc. 1981.
300 ## - PHYSICAL DESCRIPTION
Extent xiii, 240 p. ;
Dimensions 24 cm.
505 ## - FORMATTED CONTENTS NOTE
Formatted contents note Section. 1: issues and problems Related to the Unique Developmental Need of Persons With Talent Potential (Page-1), Section .2: The Fulfillment of Developmental Potential in Talented persons (Page-63), Section .3: How to Plan and Implement Programs to Foster Development of talent Potential (Page-143), Section .4: Resources (Page-209).
650 #0 - SUBJECT ADDED ENTRY--TOPICAL TERM
Topical term or geographic name entry element Child development.
9 (RLIN) 4294
650 #0 - SUBJECT ADDED ENTRY--TOPICAL TERM
Topical term or geographic name entry element Gifted children
General subdivision Education
Geographic subdivision United States.
9 (RLIN) 106660
650 #0 - SUBJECT ADDED ENTRY--TOPICAL TERM
Topical term or geographic name entry element Talented students
Geographic subdivision United States.
9 (RLIN) 106661
700 1# - ADDED ENTRY--PERSONAL NAME
Personal name Male, Robert A.
9 (RLIN) 106662
942 ## - ADDED ENTRY ELEMENTS (KOHA)
Source of classification or shelving scheme
Koha item type Book
Call number prefix 371.95,PER
Holdings
Withdrawn status Lost status Source of classification or shelving scheme Damaged status Not for loan Permanent Location Current Location Shelving location Date acquired Full call number Barcode Date last seen Price effective from Koha item type Public note
          Military College of Signals (MCS) Military College of Signals (MCS) General Stacks 12/12/2016 371.95,PER MCS20615 12/08/2016 12/12/2016 Book Almirah No.54, Shelf No.3
          Military College of Signals (MCS) Military College of Signals (MCS) General Stacks 12/12/2016 371.95,PER MCS20688 12/08/2016 12/12/2016 Book Almirah No.54, Shelf No.3
© 2023 Central Library, National University of Sciences and Technology. All Rights Reserved.